Thinking goudge: abuse and the problem of uncertainty /

שמור ב:
מידע ביבליוגרפי
מחבר ראשי: Cradock, Gerald
פורמט: Texto
תגים: הוספת תג
אין תגיות, היה/י הראשונ/ה לתייג את הרשומה!

MARC

LEADER 00000 a a2200000 04500
001 43485
003
040
100 |a Cradock, Gerald  
245 |a Thinking goudge:   |b abuse and the problem of uncertainty /  |c Gerald Cradock  
500 |a gcradock@uwindsor.ca  
773 |g volumen59, número3 (2011), páginas 362-378  
999 |c 21282  |d 21282